-
GOKHALE, S.B. , GATTANI,S.G AND BAKLIWAL,S.R
Entry Personal Name
Number of records used in: 2
001 - CONTROL NUMBER
003 - CONTROL NUMBER IDENTIFIER
005 - DATE AND TIME OF LATEST TRANSACTION
- control field:
20240108115823.0
008 - FIXED-LENGTH DATA ELEMENTS
- fixed length control field:
240108|| aca||aabn | a|a d
040 ## - CATALOGING SOURCE
- Original cataloging agency:
JRU
- Transcribing agency:
JRU
100 ## - HEADING--PERSONAL NAME
- Personal name:
GOKHALE, S.B. , GATTANI,S.G AND BAKLIWAL,S.R
670 ## - SOURCE DATA FOUND
- Source citation:
Work cat.: (JRU)5819: GOKHALE, S.B. , GATTANI,S.G AND BAKLIWAL,S.R, PRACTICAL PHARMACEUTICS FOR FIRST YEAR BACHELOR OF PHARMACY